000 00632nam a2200217 u 4500
005 20240501063709.0
008 081124s2001 mx r 000 0 spa d
020 _a9706332014
035 _aUPN01000168153
049 _aCG
050 4 _aPQ2211 C2.4
_bA3.6
100 1 _aConstant de Rebecque, Benjamin-Henri,
_d1767-1830
245 1 0 _aAdolfo /
_cBenjamín Constant ; tr. Manuel Abril.
260 _aMéxico :
_bCoyoacán,
_c2001.
300 _a84 p.
440 0 _aReino imaginario ;
_v151
534 _pTítulo original:
_tAdolphe
650 0 _aLiteratura francesa
_95152
650 4 _aNovela francesa
_98238
905 _aLibro
999 _c140260
_d140260